000 00573cas a2200181 4500
022 _a0073-2206
082 _a625.8
_bNAT
245 0 0 _aHighway research record.
260 _aWashington,
_bNational Research Council, Highway Research Board,
_c1963-1973.
300 _a479 no.
_c25 cm.
490 1 _a<-1973>: Publication - National Research Council
526 _a0
_b0
_c0
_d625_800000000000000_NAT
650 0 _aMCE
_9379
650 0 _aRoads
_xDesign and construction.
_919562
650 0 _aRoads.
710 2 _aNational Research Council (U.S.).
_920017
942 _2ddc
_cBK
999 _c547604
_d547604